| 000 | 00565 a2200217 4500 | ||
|---|---|---|---|
| 003 | OSt | ||
| 005 | 20180116182736.0 | ||
| 008 | 170731b xxu||||| |||| 00| 0 eng d | ||
| 020 | _a0471429236 | ||
| 022 | _a978047142923 | ||
| 040 | _c0 | ||
| 082 | _a332.095405 GIR 2003 | ||
| 100 | _aGary Giroux | ||
| 245 |
_aFinancial Analysis _bA User Approach _cGary Giroux |
||
| 250 | _aInternational edition | ||
| 260 |
_aAmerica _bWiley _c2003 |
||
| 300 |
_a297p _bpb. |
||
| 440 | _aFinancial Analysis | ||
| 500 | _aPaper cover | ||
| 942 |
_aNBS _cBK _k658.1512 GIR _2ddc |
||
| 999 |
_c345240 _d345240 |
||